000 00693nam a22001697a 4500
003 OSt
005 20250612120504.0
008 250612b |||||||| |||| 00| 0 eng d
041 _aEnglish
082 _aCR/DACF/25 Acc No: 11,051
110 _aParliament of Ghana
245 _aIn the first session of the ninth parliament of the fourth republic of Ghana, fourteenth report of the appointments committee on his excellency the president's nomination for appointment as administrator of district assemblies common fund
260 _aAccra-Osu
_bParliament of Ghana,
_c2025.
300 _a22p;
650 _2 appointment as administrator of district assemblies common fund
942 _2ddc
_cCR
_n0
999 _c5212
_d5212